MDQL
is popping MORE tags! Check the
thread
!
Quizzes
Events
Quiz Creation
Community
Videos
Private Events
Remove Ads
Sign In
Join for FREE
Feedback
Dark Mode
Quiz Categories
Sports
Geography
Music
Movies
Television
Just For Fun
Miscellaneous
History
Literature
Language
Science
Gaming
Entertainment
Religion
Holiday
For Kids
Quiz Lab
Recent
Popular Today
Quiz Kudos Today
Editor Picks
Curator Picks
Quizzes by...
Day
Popularity
Type
Ratings
Length
Year
Community
Subscriptions
Recent Discussions
Orange Saloon
Badges
Playlists
Quests
Create
Leaderboards
Showdown
Live 5
Trivia Bingo
Activity
Puzzle Library
Sporcle Events
Private Events
Virtual Trivia
Globe League
Become a Host
Pub Owners
SporcleCon
Opinionation
Our Games
Videos
Blog
Mobile Apps
Partnerships
Remove Ads and Go Orange
Feedback
Geography
Country
Landmarks
City
State
Population
World
Capital
Continent
Flags
Europe
Africa
Asia
South America
North America
Oceania
Border
Canada
United Kingdom
Topography
United States
Geography
Country
Landmarks
City
State
Population
World
Capital
Continent
Flags
Europe
Africa
Asia
South America
North America
Oceania
Border
Canada
United Kingdom
Topography
United States
Random Quiz
Search Sporcle
×
Quiz Lab
Quiz Lab
Geography
America
Type in answers that appear in a list
Type in answers that appear in a list
Classic
Best Score? Go Orange.
Highest Moutains in the North Americas Stats
Can you name the Highest Moutains in the North Americas?
By
wonkatriv
10m
22 Questions
48 Plays
48 Plays
48 Plays
Comments
Comments
Give Quiz Kudos
Give Quiz Kudos
-
- Ratings
hide this ad
Replay
Link that replays current quiz
Next Quiz
Link to next quiz in quiz playlist
You Got
0%
They Got
Avg Score
56%
Avg Friend Score
Upgrade to see
Score Distribution
Jump to the score distribution portion of the page
Score
0/22
Timer
10:00
0
Plays Today
Hint
Answer
% Correct
USA
Denali
100%
Canada
Mt Logan
75%
Antigua and Barbuda
Mt Obama
68.8%
Grenada
Mt St Catherine
66.7%
Dominican Republic
Pico Duarte
64.6%
Jamaica
Blue Mountain Peak
64.6%
Costa Rica
Cerro Chirrippo
60.4%
Mexico
Pico de Orizaba
58.3%
St Vincent and Grenadines
Soufriere
58.3%
St Lucia
Mt Gimie
58.3%
Barbados
Mt Hillaby
56.3%
Hint
Answer
% Correct
Dominica
Morne Diablotins
54.2%
Bahamas
Mt Alvernia
54.2%
Honduras
Cerro Las Minas
50%
El Salvador
Cerro El Pital
47.9%
Belize
Doyle's Delight
47.9%
Guatemala
Volcan Tajumulco
45.8%
Nicaragua
Mogoton
45.8%
St Kitts and Nevis
Mount Liamuiga
43.8%
Trinidad and Tobago
El Cerro del Aripo
43.8%
Panama
Volcan Baru
39.6%
Haiti
Pic la Selle
37.5%
Quiz Playlist
Details
Report
Send in Message
Add To Playlist
Classic:
Type in answers that appear in a list
Last Updated: Apr 5, 2017
Quiz Scoreboard
CHALLENGE
Sign Up to Join the Scoreboard
Show All
Scores
Hide
Comments
May contain spoilers
Recently Published
Holiday 10x10 Sorting Gallery
by lukepisani3
Holiday
15m
Two Season TV Shows II
by 123Four
Television
10m
Image Sorting: Flags VI
by Barbecue
Geography
2m
More to Explore
Quiz From the Vault
Featured Blog Post
14 Easter Pick-up Lines to Find Eggs With
hide this ad
You Might Also Like...
Tags
America
highest
Today's Top Quizzes in Geography
Browse Geography
hide this ad
Today's Top Quizzes in America
Browse America
Top Contributed Quizzes in Geography
1
Colored Red Europe Blitz I
2
Countries of the World - No Outlines Minefield
3
Colored Red Africa Blitz II
4
Colored Red Europe Blitz II
5
Colored Red Europe Blitz III
6
Colored Red Africa Blitz III
7
Colored Red States Blitz I
8
A Different View: World Oceans
9
Colored Red States Blitz II
10
Colored Red States Blitz III
Explore More
Trending Topics
Harry Potter
Kpop
NBA
Anime
Marvel
Disney
Crossword
Soccer
Song
Pokémon
Puzzle
WWE
Country
NFL
The Office
hide this ad
More By:
wonkatriv
Quiz
Plays
Rating
Category
Featured
Created
NRL Winners 1998 onwards
353
4.00
Sports
Apr 6, 2017
Name the Australian Prime Ministers in Order?
281
5.00
History
Apr 2, 2017
Top 20 runs scorers for Australia in Test Cricket
245
5.00
Sports
Apr 16, 2017
Melbourne Cup Winners 1965 onwards
225
Sports
Apr 2, 2017
Hat Tricks in Test Cricket
197
3.00
Sports
Apr 17, 2017
Go to Creator's Profile
Score Distribution
Quiz Creator Spotlight
wonkatriv
Follow
Send a Message
Quizzes Created
-
Created Quiz Play Count
-
More By This Creator
Popular Quizzes Today
1
Find the US States - No Outlines Minefield
2
Colored Red Africa Blitz
3
Find the 'City' Movie
4
The Countries of the World
5
5x2 Blitz: Bands
6
Find the Countries of Europe - No Outlines Minefield
7
Find the US States
8
US States
More Geography Quizzes
Find the 'E' Countries
Published
Trending Quizzes
Colored Red Europe Blitz I
Colored Red Europe Blitz II
Colored Red Africa Blitz II
Colored Red Europe Blitz III
Colored Red Africa Blitz III
Recently Updated
Odd Team Out - Big 4 Players
pecheneg
Quick Pick: 20 Twenties
pecheneg
March Madness Men's Triple Doubles
pecheneg
How Do You Spell That?
pecheneg
Godzilla Movies
pecheneg
Grab Bag: 4-10 Letters
pecheneg
2024 March Madness Bracket
pecheneg
Famous TV Couples
Peacemaker
Champions League XIs: Real Madrid
pecheneg
Largest US Cities 1790-2010
pecheneg
Trending Topics
Kpop
Anime
Crossword
Harry Potter
Disney
NBA
Marvel
Country
Soccer
Pokémon
Puzzle
The Office
Song
NFL
WWE
Your Account Isn't Verified!
In order to create a playlist on Sporcle, you need to verify the email address you used during registration. Go to your
Sporcle Settings
to finish the process.
Report this User
Report this user for behavior that violates our
Community Guidelines
.
Details:
Send Report
Go to the Sporcle.com Mobile Site →
Comments